Már a régi sem a múlt interpretációs jelen és mi(sz?)ticizált megéltség /

Elmentve itt :
Bibliográfiai részletek
Szerző: A. Gergely András
Dokumentumtípus: Könyv része
Megjelent: 2015
Sorozat:A vallási kultúrakutatás könyvei
Már a múlt sem a régi...: az új magyar mitológia multidiszciplináris elemzése
Kulcsszavak:Vallási kultusz - magyar, Népi vallásosság - magyar
Tárgyszavak:
Online Access:http://acta.bibl.u-szeged.hu/67323
LEADER 00945naa a2200229 i 4500
001 acta67323
005 20211123101617.0
008 200518s2015 hu o 0|| hun d
020 |a 978-963-306-426-9 
022 |a 2064-4825 
040 |a SZTE Egyetemi Kiadványok Repozitórium  |b hun 
041 |a hun 
100 2 |a A. Gergely András 
245 1 0 |a Már a régi sem a múlt   |h [elektronikus dokumentum] :  |b interpretációs jelen és mi(sz?)ticizált megéltség /  |c  A. Gergely András 
260 |c 2015 
300 |a 29-39 
490 0 |a A vallási kultúrakutatás könyvei 
490 0 |a Már a múlt sem a régi...: az új magyar mitológia multidiszciplináris elemzése 
650 4 |a Bölcsészettudományok 
650 4 |a Filozófia, etika és vallástudományok 
695 |a Vallási kultusz - magyar, Népi vallásosság - magyar 
856 4 0 |u http://acta.bibl.u-szeged.hu/67323/1/vallasi_kulturakutatas_konyvei_018_029-039.pdf  |z Dokumentum-elérés